Normal view
MARC view
Entry Personal Name
001 - CONTROL NUMBER
- control field: 32126
003 - CONTROL NUMBER IDENTIFIER
- control field: dpl
005 - DATE AND TIME OF LATEST TRANSACTION
- control field: 20110809162016.0
008 - FIXED-LENGTH DATA ELEMENTS
- fixed length control field: 110809|||a|||||| | ||| d
040 ## - CATALOGING SOURCE
- Original cataloging agency: dpl
- Transcribing agency: dpl
100 ## - HEADING--PERSONAL NAME
- Personal name: Vargas Llosa, Mario,
- Dates associated with a name: 1936-
670 ## - SOURCE DATA FOUND
- Source citation: Work cat.: (dpl)55073: Vargas Llosa, Mario, 1936-, The Feast of the goat /, 2003.
670 ## - SOURCE DATA FOUND
- Source citation: Work cat.: (dpl)55073: Vargas Llosa, Mario, 1936-, The Feast of the goat /, 2003.
